| 000 | 00708nam a22002417a 4500 | ||
|---|---|---|---|
| 003 | UA-OsUOA | ||
| 001 | 131187 | ||
| 007 | ta | ||
| 008 | 20180525b un ||||| |||| 00| 0 ukr d | ||
| 100 | _aАкулинин В. Н. | ||
| 090 |
_a1(091) _bА44 |
||
| 942 | _cBK | ||
| 040 |
_aUA-OsUOA _brus _cUA-OsUOA _dUA-OsUOA |
||
| 245 |
_aФилософия всеединства: от В. С. Соловьева к П. А. Флоренскому _bмонография |
||
| 300 | _a158 с. | ||
| 955 | _a1 | ||
| 041 | _arus | ||
| 080 | _a1(091) | ||
| 020 | _a5-02-029602-3 | ||
| 260 |
_aНовосибирск _bНаука _c1990 |
||
| 650 | 7 |
_a1(091) Історія філософії _2UDC |
|
| 999 |
_c419414 _d419414 |
||